Statistics for Minecraft Music Discs

Click here to take the quiz!

General Stats

  • This quiz has been taken 437 times
  • The average score is 8 of 12

Answer Stats

#Answer% Correct
1Cat
95%
313
85%
411
83%
6Chirp
70%
9Mellohi
67%
5Stal
66%
2Blocks
63%
8Mall
59%
7Far
50%
10Strad
50%
12Wait
49%
11Ward
49%

Score Distribution

Percentile by Number Answered

Percent of People with Each Score

Your Score History

You have not taken this quiz